01379nam a22004217a 4500001001300000003000900013005001700022007000300039008003400042040005400076041001000130072000800140090002100148100002600169100002100195100001700216100002300233100001900256100001600275100001900291100002300310100001900333100001900352110012900371245006100500260003900561300001000600650001400610650003000624650001400654650002400668650002400692650002500716909003600741942000700777999001700784952015600801BR2011000344BR-BrBNA20230928103607.0ta230509b bl.||||| |||| 00| 0 por d aBR-BrBNAbporcBiblioteca Nacional de Agricultura a(Por) aD50  D50 BR20110003441 aGutierrez, A. de S.D.1 aBorges Filho, B.1 aFanale, C.I.1 aAlmeida, G.V.B. de1 aWatanabe, H.S.1 aRocha, I.L.1 aBarreiros, LM.1 aSantana, M.A.M. de1 aGorenstein, O.1 aFerrari, P.R. 1 aCompanhia de Entrepostos e Armazéns Gerais de São Paulo, São Paulo (Brasil). Centro de Qualidade em Horticultura923941 aProduto em ordembCircular Técnica CEAGESP- CQH, n. 133 aSão Paulo, SP (Brasil): c2006.  a19 p. aROTULAGEM aMICROBIOLOGIA DE ALIMENTO aEMBALAGEM aRESÍDUO QUÍMICO aHIGIENE DE ALIMENTO aMÁQUINA AGRÍCOLA a202309bLuciac55dLucia Elande cBK c75745d75745 002AGRIS40708AGROBASEa41918b41918l0o D50 BR2011000344pD50 BR2011000344r2023-09-25t01yBK10d2023-09-25ePortaria Interministerial nº 164/94